00620nam a22001817a 450000500170000001000150001702000270003203500140005903700090007308200160008210000110009824500760010925000060018526000550019127000760024630000210032270000950034320260327114204.0 aENG-147988 a9789364442664c2895.00 aEN-131519 bDBAD a616.025221 aLe Tao aFIRST AID FOR THE USMLE STEP 1 2026cTao LebA STUDENT TO STUDENT GUIDE a1 aIndiabMcGraw Hill Education Private Limitedc2026 aAnjana complex no: 5/90A, Butt Road, St. Thomas Mount,bchennaic600016 a843.pgc28cm(pb) aVIKAS BHUSAN , CAROLINA CABAN RIVERA . JAIMIE ROGNER , DANUSHA SANCHEZ , CAROLINE COLEMAN